[Event "Copenhagen K41 Sommer B"]
[Site "Copenhagen"]
[Date "2012.06.05"]
[Round "4"]
[White "Sorensen, Dick"]
[Black "Hejberg, Carsten"]
[Result "1/2-1/2"]
[WhiteElo "1930"]
[BlackElo "1937"]
[PlyCount "63"]
[EventDate "2012.05.17"]
[EventType "tourn"]
[EventRounds "5"]
[EventCountry "DEN"]
[SourceTitle "EXT 2023"]
[Source "ChessBase"]
[SourceDate "2022.10.05"]
[SourceVersion "1"]
[SourceVersionDate "2022.10.05"]
[SourceQuality "1"]

1. c4 Nf6 2. Nf3 g6 3. Nc3 Bg7 4. e4 d6 5. d4 0-0 6. Be2 e5 7. 0-0 Na6 8. d5 Nc5 9. Qc2 a5 10. Ne1 Nfd7 11. Nd3 f5 12. f3 f4 13. Bd2 Nxd3 14. Bxd3 g5 15. a3 Nc5 16. b4 Nxd3 17. Qxd3 g4 18. Nb5 axb4 19. axb4 Rxa1 20. Rxa1 Bd7 21. Nc3 g3 22. h3 Rf6 23. Ra7 Qb8 24. Ra3 Qc8 25. Qf1 Bf8 26. Bc1 c6 27. Na4 Qc7 28. Bb2 cxd5 29. exd5 Be7 30. b5 b6 31. Ba1 Rf8 32. Nb2 1/2-1/2

[Event "Copenhagen K41 Sommer B"]
[Site "Copenhagen"]
[Date "2012.05.23"]
[Round "2"]
[White "Nielsen, John Holm"]
[Black "Hejberg, Carsten"]
[Result "1/2-1/2"]
[WhiteElo "1941"]
[BlackElo "1937"]
[PlyCount "27"]
[EventDate "2012.05.17"]
[EventType "tourn"]
[EventRounds "5"]
[EventCountry "DEN"]
[SourceTitle "EXT 2023"]
[Source "ChessBase"]
[SourceDate "2022.10.05"]
[SourceVersion "1"]
[SourceVersionDate "2022.10.05"]
[SourceQuality "1"]

1. Nc3 d5 2. e4 dxe4 3. Nxe4 Bf5 4. Qf3 Bg6 5. Bc4 Nd7 6. Bb3 e6 7. d4 c6 8. Ne2 Ngf6 9. Nxf6+ Nxf6 10. 0-0 Bh5 11. Qd3 Bg6 12. Qf3 Bh5 13. Qd3 Bg6 14. Qf3 1/2-1/2

[Event "Barkhuus Memorial"]
[Site "Vanlose"]
[Date "2005.07.29"]
[Round "3"]
[White "Hejberg, Carsten"]
[Black "Petersen, Steen"]
[Result "1/2-1/2"]
[WhiteElo "1929"]
[BlackElo "2064"]
[PlyCount "54"]
[EventDate "2005.07.27"]
[EventType "swiss"]
[EventRounds "7"]
[EventCountry "DEN"]
[SourceTitle "CBM 107 Extra"]
[Source "ChessBase"]
[SourceDate "2005.09.01"]
[SourceVersion "1"]
[SourceVersionDate "2005.09.01"]
[SourceQuality "1"]

1. c4 Nf6 2. Nc3 e5 3. Nf3 Nc6 4. g3 d5 5. cxd5 Nxd5 6. Bg2 Nb6 7. 0-0 Be7 8. a3 0-0 9. b4 Be6 10. Rb1 a6 11. d3 Rb8 12. Bb2 f5 13. Na4 Nxa4 14. Qxa4 Bf6 15. Nd2 Bd5 16. Bxd5+ Qxd5 17. Qb3 Rbd8 18. Rfd1 Rf7 19. Rbc1 Qd7 20. Qc4 Be7 21. Nf3 Qd6 22. b5 axb5 23. Qxb5 e4 24. Ne5 Nxe5 25. Bxe5 c6 26. Bxd6 cxb5 27. Bxe7 Rxe7 1/2-1/2

[Event "Barkhuus Memorial"]
[Site "Vanlose"]
[Date "2005.07.27"]
[Round "1"]
[White "Christiansen, Jens Jorgen"]
[Black "Hejberg, Carsten"]
[Result "1/2-1/2"]
[WhiteElo "2112"]
[BlackElo "1929"]
[PlyCount "106"]
[EventDate "2005.07.27"]
[EventType "swiss"]
[EventRounds "7"]
[EventCountry "DEN"]
[SourceTitle "CBM 107 Extra"]
[Source "ChessBase"]
[SourceDate "2005.09.01"]
[SourceVersion "1"]
[SourceVersionDate "2005.09.01"]
[SourceQuality "1"]

1. d4 Nf6 2. c4 g6 3. Nc3 Bg7 4. e4 d6 5. Bd3 0-0 6. Nge2 Nc6 7. 0-0 Nh5 8. Be3 e5 9. d5 Ne7 10. Qd2 f5 11. exf5 gxf5 12. f4 Ng6 13. g3 Bd7 14. Rae1 a6 15. Bc2 b5 16. c5 exf4 17. Nxf4 Nhxf4 18. gxf4 Qf6 19. Bf2 b4 20. Nd1 a5 21. c6 Bc8 22. Bd3 Ba6 23. Bxa6 Rxa6 24. Re6 Qf7 25. Kh1 Raa8 26. h4 Rfe8 27. Rfe1 Nf8 28. R6e3 Ng6 29. Re6 Nf8 30. Rxe8 Rxe8 31. Rg1 Kh8 32. Kh2 Re4 33. Re1 Ng6 34. Rxe4 fxe4 35. Bg3 Bh6 36. Qd4+ Kg8 37. Qxe4 Bxf4 38. Bxf4 Qxf4+ 39. Qxf4 Nxf4 40. Ne3 Nd3 41. Nc4 Nf4 42. Nb6 Kf7 43. Kg3 Ne2+ 44. Kg4 Nc3 45. Kf3 Nxa2 46. Na8 a4 47. Nxc7 a3 48. bxa3 b3 49. Nb5 b2 50. c7 b1Q 51. c8Q Qd3+ 52. Kf4 Qf1+ 53. Kg3 Qd3+ 1/2-1/2

[Event "Rodovre-ch A"]
[Site "Rodovre"]
[Date "2004.09.21"]
[Round "4"]
[White "Pedersen, Bent O"]
[Black "Hejberg, Carsten"]
[Result "0-1"]
[WhiteElo "1700"]
[BlackElo "1905"]
[PlyCount "46"]
[EventDate "2004.08.31"]
[EventType "tourn"]
[EventRounds "7"]
[EventCountry "DEN"]
[SourceTitle "EXT 2023"]
[Source "ChessBase"]
[SourceDate "2022.10.05"]
[SourceVersion "1"]
[SourceVersionDate "2022.10.05"]
[SourceQuality "1"]

1. e4 c6 2. d4 d5 3. e5 Bf5 4. Nc3 e6 5. g4 Bg6 6. Nge2 c5 7. h4 h5 8. Nf4 Bh7 9. Nxh5 cxd4 10. Qxd4 Nc6 11. Bb5 Nge7 12. Bg5 a6 13. Bxc6+ Nxc6 14. Qd2 Nxe5 15. 0-0-0 f6 16. Qf4 Ng6 17. Bxf6 Nxf4 18. Bxd8 Nxh5 19. Bg5 Nf6 20. Rhe1 Kf7 21. Bxf6 gxf6 22. f4 Bb4 23. Re3 d4 0-1

[Event "Schneider Bohemia op-A"]
[Site "Plzen"]
[Date "2000.??.??"]
[Round "?"]
[White "Hejberg, Carsten"]
[Black "Hlavnicka, Jiri"]
[Result "0-1"]
[WhiteElo "2115"]
[BlackElo "2305"]
[PlyCount "92"]
[EventDate "2000.??.??"]
[EventType "swiss"]
[EventRounds "9"]
[EventCountry "CZE"]
[SourceTitle "EXT 2003"]
[Source "ChessBase"]
[SourceDate "2002.11.25"]
[SourceVersion "1"]
[SourceVersionDate "2002.11.25"]
[SourceQuality "1"]

1. d4 c5 2. d5 e5 3. c4 d6 4. Nc3 Be7 5. Nf3 Nf6 6. e4 0-0 7. h3 Na6 8. Be3 Nc7 9. Bd3 a6 10. a4 b6 11. Qe2 Bd7 12. 0-0 Nfe8 13. Nd2 Bg5 14. f4 Bxf4 15. Bxf4 exf4 16. e5 Qe7 17. Rae1 dxe5 18. Qxe5 Qxe5 19. Rxe5 Nd6 20. Re7 Rad8 21. Rxf4 f5 22. Rf1 Rfe8 23. Rfe1 Rxe7 24. Rxe7 Kf8 25. Re5 Kf7 26. Kf2 Kf6 27. Re1 b5 28. b3 Rb8 29. axb5 axb5 30. Ra1 bxc4 31. bxc4 Rb2 32. Ra2 Rxa2 33. Nxa2 g5 34. Nc3 h5 35. Kf3 Ke5 36. Ne2 f4 37. g4 hxg4+ 38. hxg4 Nce8 39. Ne4 Nxe4 40. Bxe4 Nf6 41. Bf5 Bxf5 42. gxf5 g4+ 43. Kf2 Ne4+ 44. Ke1 f3 45. f6 Nxf6 46. Nc3 Kd4 0-1

[Event "Schneider Bohemia op-A"]
[Site "Plzen"]
[Date "2000.??.??"]
[Round "?"]
[White "Hejberg, Carsten"]
[Black "Houska, Jiri"]
[Result "1/2-1/2"]
[WhiteElo "2115"]
[BlackElo "1840"]
[PlyCount "106"]
[EventDate "2000.??.??"]
[EventType "swiss"]
[EventRounds "9"]
[EventCountry "CZE"]
[SourceTitle "EXT 2003"]
[Source "ChessBase"]
[SourceDate "2002.11.25"]
[SourceVersion "1"]
[SourceVersionDate "2002.11.25"]
[SourceQuality "1"]

1. d4 Nf6 2. c4 g6 3. Nc3 Bg7 4. e4 d6 5. h3 0-0 6. Bg5 c5 7. d5 e6 8. Bd3 exd5 9. exd5 Re8+ 10. Nge2 Na6 11. 0-0 Nc7 12. f4 h6 13. Bh4 Qd7 14. Bc2 a6 15. a4 b6 16. Bxf6 Bxf6 17. f5 g5 18. Ne4 Qd8 19. N2g3 Bd4+ 20. Kh1 Rxe4 21. Nxe4 f6 22. Qh5 Qf8 23. h4 Be5 24. hxg5 hxg5 25. Qg6+ Qg7 26. Qxg7+ Kxg7 27. Ra3 a5 28. Rh3 Ba6 29. Nd2 Rh8 30. Rxh8 Kxh8 31. b3 Kg7 32. Rf3 Bc8 33. Re3 Kf7 34. Rh3 Kg7 35. Re3 Kf7 36. Nf3 Bf4 37. Re2 Ne8 38. g4 Bd7 39. Nd2 Bxd2 40. Rxd2 Nc7 41. Kg2 Be8 42. Re2 Kf8 43. Re6 Nxe6 44. fxe6 Kg7 45. Kf3 Kg8 46. Bf5 Kg7 47. Ke3 Kg8 48. Ke4 Kg7 49. e7 Kh6 50. Bc8 Bg6+ 51. Ke3 Be8 52. Be6 Kg7 53. Kf3 Kh6 1/2-1/2

[Event "Aktiv Alliancen op"]
[Site "Taastrup"]
[Date "1999.02.09"]
[Round "4"]
[White "Petersen, Terji"]
[Black "Hejberg, Carsten"]
[Result "0-1"]
[WhiteElo "2065"]
[BlackElo "2113"]
[PlyCount "78"]
[EventDate "1999.02.??"]
[EventType "swiss"]
[EventRounds "7"]
[EventCountry "DEN"]
[SourceTitle "EXT 2000"]
[Source "ChessBase"]
[SourceDate "1999.11.16"]
[SourceVersion "1"]
[SourceVersionDate "1999.11.16"]
[SourceQuality "1"]

1. d4 Nf6 2. f3 d5 3. e4 dxe4 4. Nc3 c6 5. fxe4 e5 6. d5 Bb4 7. Bg5 Qa5 8. Bd2 cxd5 9. Nxd5 Nxd5 10. exd5 Qxd5 11. Bxb4 Qe4+ 12. Qe2 Qxb4+ 13. c3 Qa5 14. Qh5 0-0 15. Nf3 Nd7 16. 0-0-0 Qxa2 17. Rd6 Nc5 18. Qxe5 Nb3+ 19. Kc2 Na1+ 20. Kc1 Be6 21. Bd3 Nb3+ 22. Kc2 Qa4 23. Rb1 Nc5+ 24. Kd2 Nxd3 25. Rxd3 Rad8 26. Nd4 Rd5 27. Qc7 Rfd8 28. Rf3 Rxd4+ 29. cxd4 Qxd4+ 30. Ke1 Qe4+ 31. Kf2 Rd2+ 32. Kg1 Qxb1+ 33. Rf1 Qd3 34. Qb8+ Qd8 35. Qxa7 Qd4+ 36. Qxd4 Rxd4 37. Rc1 Rb4 38. Ra1 g6 39. Ra8+ Kg7 0-1

[Event "Mester Aktiv Alliancen"]
[Site "Denmark"]
[Date "1998.??.??"]
[Round "6"]
[White "Hejberg, Carsten"]
[Black "Hansen, Morten Moller"]
[Result "1/2-1/2"]
[WhiteElo "2120"]
[BlackElo "2075"]
[PlyCount "84"]
[EventDate "1998.??.??"]
[EventType "swiss (rapid)"]
[EventRounds "7"]
[EventCountry "DEN"]
[SourceTitle "EXT 1999"]
[Source "ChessBase"]
[SourceDate "1998.11.16"]
[SourceVersion "1"]
[SourceVersionDate "1998.11.16"]
[SourceQuality "1"]

1. d4 Nf6 2. c4 d6 3. Nc3 Nbd7 4. e4 e5 5. Nf3 c6 6. Be2 Qc7 7. 0-0 Be7 8. h3 0-0 9. Be3 Re8 10. d5 c5 11. a3 a6 12. Nd2 Bf8 13. b4 g6 14. Na4 b6 15. Qc2 Kh8 16. Rab1 Ng8 17. bxc5 bxc5 18. Bg4 h5 19. Bxd7 Bxd7 20. Nb6 Rab8 21. Nxd7 Qxd7 22. Rxb8 Rxb8 23. Rb1 Rxb1+ 24. Qxb1 Qa4 25. Qb3 Qxb3 26. Nxb3 Nf6 27. f3 Nd7 28. Na5 Be7 29. Kf1 Kg7 30. Ke2 Kf8 31. Nc6 Ke8 32. Kd3 Bd8 33. a4 Bc7 34. Bd2 Nb8 35. Nxb8 Bxb8 36. Ba5 Kd7 37. Ke3 Bc7 38. Bxc7 Kxc7 39. a5 Kd7 40. f4 f6 41. g4 hxg4 42. hxg4 g5 1/2-1/2